• AIU
  • Tony Wilmot Memorial Library

The great digression : world evangelism since 1910 : the ecumenical digression and the evangelical response / (Record no. 26408)

MARC details
000 -LEADER
fixed length control field 00982nam a22002891a 4500
001 - CONTROL NUMBER
control field 6633792
005 - DATE AND TIME OF LATEST TRANSACTION
control field 20110718125655.0
008 - FIXED-LENGTH DATA ELEMENTS--GENERAL INFORMATION
fixed length control field 830126s1981 my a b 000 0 eng d
035 ## - SYSTEM CONTROL NUMBER
-- G27212 (c.1)
035 ## - SYSTEM CONTROL NUMBER
-- G27213 (c.2)
035 ## - SYSTEM CONTROL NUMBER
System control number (OCoLC)ocm09164967
035 ## - SYSTEM CONTROL NUMBER
-- D218157
035 ## - SYSTEM CONTROL NUMBER
System control number (WHEdb)220586
040 ## - CATALOGING SOURCE
Original cataloging agency BZM
Transcribing agency BZM
Modifying agency ICW
-- WHEdb
049 ## - LOCAL HOLDINGS (OCLC)
Holding library JEVA
Copy statement 1-2
090 ## - LOCALLY ASSIGNED LC-TYPE CALL NUMBER (OCLC); LOCAL CALL NUMBER (OCLC)
Classification number (OCLC) (R) ; Classification number, CALL (RLIN) (NR) BV2063
Local cutter number (OCLC) ; Book number/undivided call number, CALL (RLIN) .T36
100 1# - MAIN ENTRY--PERSONAL NAME
Personal name Tan, Kim-Sai.
245 14 - TITLE STATEMENT
Title The great digression : world evangelism since 1910 : the ecumenical digression and the evangelical response /
Statement of responsibility, etc by Kim-Sai Tan.
260 ## - PUBLICATION, DISTRIBUTION, ETC. (IMPRINT)
Place of publication, distribution, etc Petaling Jaya, Malaysia :
Name of publisher, distributor, etc Malaysia Bible Seminary,
Date of publication, distribution, etc 1981.
300 ## - PHYSICAL DESCRIPTION
Extent 183 p. : ill. ; 21 cm.
500 ## - GENERAL NOTE
General note Includes bibliographical references.
504 ## - BIBLIOGRAPHY, ETC. NOTE
Bibliography, etc Includes bibliographical references.
650 #0 - SUBJECT ADDED ENTRY--TOPICAL TERM
Topical term or geographic name as entry element Evangelicalism
General subdivision History
Chronological subdivision 20th century.
650 #0 - SUBJECT ADDED ENTRY--TOPICAL TERM
Topical term or geographic name as entry element Ecumenical movement
General subdivision History.
650 #0 - SUBJECT ADDED ENTRY--TOPICAL TERM
Topical term or geographic name as entry element Evangelistic work.
650 #0 - SUBJECT ADDED ENTRY--TOPICAL TERM
Topical term or geographic name as entry element Missions
General subdivision Theory
-- History
Chronological subdivision 20th century.
Holdings
Withdrawn status Lost status Source of classification or shelving scheme Damaged status Not for loan Collection code Home library Current library Shelving location Date acquired Cost, normal purchase price Total Checkouts Full call number Barcode Date last seen Copy number Price effective from Koha item type
    Library of Congress Classification     General Circulation AIU/NEGST - Tony Wilmot Memorial Library AIU/NEGST - Tony Wilmot Memorial Library General Stacks 02/02/2010 8.40   BV 2063.T36 1981 R20332A3232 09/26/2019 1 02/02/2010 Books